Mi vida / (Record no. 147570)

MARC details
000 -LEADER
campo de control de longitud fija 00613nam a2200217 i 4500
001 - NÚMERO DE CONTROL
campo de control 147570
003 - IDENTIFICADOR DE NÚMERO DE CONTROL
campo de control ES-MaACL
005 - FECHA Y HORA DE LA ÚLTIMA TRANSACCIÓN
campo de control 20260526170040.0
007 - CAMPO FIJO DE DESCRIPCIÓN FÍSICA--INFORMACIÓN GENERAL
campo de control de longitud fija t|
008 - DATOS DE LONGITUD FIJA--INFORMACIÓN GENERAL
campo de control de longitud fija 071003n19001930sp ||||1| spa d
100 1# - ENTRADA PRINCIPAL--NOMBRE DE PERSONA
Nombre de persona Urales, Federico,
Fechas asociadas al nombre 1864-1942
9 (RLIN) 112055
245 10 - MENCIÓN DEL TÍTULO
Título Mi vida /
Mención de responsabilidad, etc. Federico Urales (seud.).
260 ## - PUBLICACIÓN, DISTRIBUCIÓN, ETC.
Lugar de publicación, distribución, etc. Barcelona :
Nombre del editor, distribuidor, etc. La Revista Blanca,
Fecha de publicación, distribución, etc. [s.a.]
300 ## - DESCRIPCIÓN FÍSICA
Extensión 2 v. ;
Dimensiones 19 cm.
500 ## - NOTA GENERAL
Nota general Son los t. I y III.
600 14 - PUNTO DE ACCESO ADICIONAL DE MATERIA--NOMBRE DE PERSONA
Nombre de persona Urales, Federico,
Fechas asociadas al nombre 1864-1942
9 (RLIN) 112055
650 #7 - PUNTO DE ACCESO ADICIONAL DE MATERIA--TÉRMINO DE MATERIA
Término de materia o nombre geográfico como elemento de entrada Anarquismo
Fuente del encabezamiento o término embne
9 (RLIN) 9783
852 4# - LOCALIZACIÓN
Ubicación ES-MaACL
Número de control de estantería B-13215-16
942 ## - ELEMENTOS DE ENTRADA SECUNDARIOS (KOHA)
Fuente del sistema de clasificación o colocación Clasificación decimal universal
Holdings
Estatus retirado Estado de pérdida Estado de daño No para préstamo Biblioteca de origen Biblioteca actual Ubicación en estantería Fecha de adquisición Fuente de adquisición Total de préstamos Signatura topográfica completa Código de barras Visto por última vez Precio de reemplazo Tipo de ítem Koha
        Biblioteca del Ateneo de Madrid Biblioteca del Ateneo de Madrid Sala Pardo Bazán 17/01/2008     B-13215-16 1154003 23/02/2023 23/02/2023 Libro impreso